Štefan Margita:"Keď som nevyspatý, radšej mi choďte z cesty"

Bibliographic Details
Main Authors: Šaráková, Lucia (Author, Interviewer), Margita, Štefan, 1956- (Author)
Format: Article
Language:Slovak
PhysicalDescription:Fotogr.
ISSN:1335-4566
Subjects:

MARC

LEADER 00000nab a2200000 a 4500
001 vtls008155308
003 SK-MaSNL
005 20260303074822.0
008 160321c20050520xo drz 0 0slo
015 |a KEVKJB2005 
040 |a KEVKJB  |b slo  |c KEVKJB  |e AACR2 
041 0 |a slo 
044 |a xo  |c SK 
080 |a 78.071.2  |2 UDC-MRF-SK2 
080 |a 792.5  |2 UDC-MRF-SK2 
080 |a 929 Margita, Štefan  |2 UDC-MRF-SK2 
100 1 |a Šaráková, Lucia  |4 ivr  |4 aut  |9 551355 
245 1 0 |a Štefan Margita:"Keď som nevyspatý, radšej mi choďte z cesty"  |c [zhovárala sa] Lucia Šaráková 
300 |b Fotogr. 
600 1 7 |a Margita, Štefan,  |d 1956-  |2 kevkjb  |9 107245 
651 7 |a Košice (Slovensko)  |2 kevkjb  |9 18694 
655 7 |a rozhovory  |2 kevkjb  |9 31831 
700 1 |a Margita, Štefan,  |d 1956-  |4 ive  |4 aut  |9 107245 
773 0 |t Košický denník Korzár  |g Roč. VIII, č. 116 (20.5.2005), s. 4  |x 1335-4566 
852 |a KEVKJB  |b KIS3GCP 
958 |a BC 
958 |a CZ 
999 |c 1773113  |d 1775043